banner-ar

COMPUTER - AIDED DESIGN OF CATALYSTS / (Record no. 10314)

MARC details
000 -الفاتح
حقل البيانات ثابتة الطول 00504nam a2200193Ia 4500
008 - عناصر البيانات ثابتة الطول - معلومات عامة
حقل البيانات ثابتة الطول 140319s9999 xx 000 0 eng d
040 ## - مصدر الفهرسة
وكالة الفهرسة الأصلية GCL /
وكالة النسخ GCL
082 04 - رقم تصنيف ديوى العشرى
رقم التصنيف 660.2995
رقم المادة B C
100 1# - المدخل الرئيسى - إسم شخصى
الإسم الشخصى BECKER, E. ROVERT
245 10 - بيان العنوان
العنوان COMPUTER - AIDED DESIGN OF CATALYSTS /
بيان المسئوليه,etc BECKER, E. ROVERT
700 1# - المدخل الاضافى - اسم شخصى
الإسم الشخصى PEREIRA, CARMO J
260 ## - PUBLICATION, DISTRIBUTION, ETC. (IMPRINT)
تاريخ النشر أو التوزيع 993
300 ## - الوصف المادى
التعداد 619 P
650 04 - المدخل الاضافى بالموضوع-مصطلح موضوعى
مصطلح موضوعي COMPUTER
650 04 - المدخل الاضافى بالموضوع-مصطلح موضوعى
مصطلح موضوعي CATALYSTS
650 04 - المدخل الاضافى بالموضوع-مصطلح موضوعى
مصطلح موضوعي AIDED DESIGN
942 ## - عناصر المدخل الإضافي( كوها)
مصدر التصنيف او مخطط الترفيف Dewey Decimal Classification
Koha [default] item type كتاب
260 ## - PUBLICATION, DISTRIBUTION, ETC. (IMPRINT)
-- [S.N] :
-- MARCEL DEKKER, INC ،
Holdings
حالة التراجع حالة الفقد حالة تلف ليس للاعارة المكان المؤقت الموقع الحالى تاريخ الاكتساب اجمالي اﻻعارات رقم الطلب الباركود تاريخ اخر مشاهدة تاريخ تفعيل السعر نوع وعاء كوها
        مكتبة القاهرة الكبرى مكتبة القاهرة الكبرى 03/26/2014   660.2995\B C 20974 03/26/2014 03/26/2014 كتاب

Powered By

EGPV